具有特殊英文名的中国城市名 Chinese city names with special English Translations - Statistics

General Stats
  • This quiz has been taken 948 times
  • The average score is 19 of 25
Answer Stats
English 中文 % Correct
Hong Kong 香港
99%
Harbin 哈尔滨
98%
Macao 澳门
95%
Taipei 台北
95%
Aksu 阿克苏
93%
Hulunbuir 呼伦贝尔
90%
Lhasa 拉萨
90%
Ürümqi 乌鲁木齐
89%
Qiqihar 齐齐哈尔
88%
Hohhot 呼和浩特
87%
Altay 阿勒泰
79%
Bayannur 巴彦淖尔
77%
Kashgar 喀什
77%
Ordos 鄂尔多斯
76%
Nagqu 那曲
72%
Turpan 吐鲁番
72%
Taichung 台中
71%
Ulanqab 乌兰察布
71%
Xigazê 日喀则
67%
Kaohsiung 高雄
59%
Hotan 和田
58%
Karamay 克拉玛依
56%
Nyingchi 林芝
53%
Qamdo 昌都
44%
Korla 库尔勒
40%
No matching quizzes found
Score Distribution
Percent of People with Each Score
Percentile by Number Answered
Your Score History
You have not taken this quiz